000 00259nam a2200109Ia 4500
008 240625s9999 xx 000 0 und d
041 _aeng
082 _a332 JAC
100 _aJACKSON MARY
245 _aADVANCED MODELLING IN FINANCE USING EXCE
260 _c2001
999 _c34658
_d34658